Der Kolberger Kodex des Lübischen Rechts von 1297

Titel: Der Kolberger Kodex des Lübischen Rechts von 1297 : das Kolberger Rechtsbuch / [hochdt. Fassung, Transkription der mittelniederdt. Hs,, Übers. ins Hochdt., Glossar und Auswahlbibl. von Thomas Rudert]
Beteiligt:
Ausgabe: Faksimile-Druck
Veröffentlicht: Hamburg : Jancke, 2005
Umfang: 247 Seiten : Illustrationen + Glossar (20 Seiten)
Format: Buch
Sprache: Deutsch
Schriftenreihe/
mehrbändiges Werk:
Beiträge zur Geschichte der Stadt Kolberg und des Kreises Kolberg-Körlin ; 32
RVK-Notation:
Schlagworte:
ISBN: 3927996351
Buchumschlag
X
Lokale Klassifikation: 9 8 K 41 ; 9 5 C ; 9 12 E
alg: 13381825
001A    $03004:03-11-05 
001B    $01999:13-02-25 $t12:13:44.000 
001D    $03004:03-11-05 
001U    $0utf8 
001X    $00 
002@    $0Aau 
002C    $aText $btxt $2rdacontent 
002D    $aohne Hilfsmittel zu benutzen $bn $2rdamedia 
002E    $aBand $bnc $2rdacarrier 
003@    $013381825X 
003O    $0179825437 $aOCoLC 
004A    $03-927996-35-1 
004K    $09783927996359 
006G    $0976747731 
006T    $005,N45,0340 
006U    $006,A02,0560 $f20051018 
007A    $013381825X $aHEB 
010@    $ager 
011@    $a2005 
013D    $RQuellenforschung $#History -- Sources $#Histoire -- Sources $#Akten Formschlagwort $#Augenzeugenbericht Formschlagwort $#Texte Formschlagwort $#Historische Quelle $#Geschichtsquelle $#Quellensammlung $#Quellen $74135952-5 $8Quelle [Ts1] $9085503576 
021A    $aDer @Kolberger Kodex des Lübischen Rechts von 1297 $ddas Kolberger Rechtsbuch $h[hochdt. Fassung, Transkription der mittelniederdt. Hs,, Übers. ins Hochdt., Glossar und Auswahlbibl. von Thomas Rudert] 
027A    $aCodex juris Lubecensis, Kolberger Kodex 1297 
028C    $BHerausgeber $4edt $D20220215 $Ecgwrk $71053247753 $8Rudert, Thomas$Z1961- [Tp3] $9342885464 
032@    $aFaksimile-Druck 
033A    $pHamburg $nJancke 
034D    $a247 Seiten 
034K    $aGlossar (20 Seiten) 
034M    $aIllustrationen 
036E    $aBeiträge zur Geschichte der Stadt Kolberg und des Kreises Kolberg-Körlin $l32 
036F    $x232 $8Beiträge zur Geschichte der Stadt Kolberg und des Kreises Kolberg-Körlin $9011013400 $l32 
044K    $qDNB $RKolberg $#Kolberg $75057070-5 $8Kołobrzeg [Tg1] $9044717024 
044K    $qDNB $RStadtrecht $#Lübecker Recht $#Lübisches Stadtrecht $#Lübecker Stadtrecht $74491803-3 $8Lübisches Recht [Ts1] $9089116305 
044K    $qDNB $RSchriftdenkmal $RManuskript $RAutograf $#Manuscripts $#Manuscrits $#Buchhandschrift $#Handschriften $74023287-6 $8Handschrift [Ts1] $9085057509 
045E    $c340 
045F    $a900.9438160902 $eDDC23BSB 
045F/01 $a900 
045F/03 $f0902 
045F/03 $g43816 
045G    $a340.09 $eDDC23BSB 
045G/01 $a340.09 
045G/03 $f0902 
045G/03 $g43816 
045R    $aGeschichte 1297 
045Z    $8PW 2660 [Tkv] $9411120662 

lok: 13381825 24
101B    $015-11-05 $t09:51:53.000 
101C    $015-11-05 
145Z/01 $a9 8 K 41 
145Z/02 $a9 5 C 
145Z/03 $a9 12 E 
101U    $0utf8 

exp: 13381825 24 1 #EPN
201B/01 $015-11-05 $t09:51:53.000 
201C/01 $003-11-05 
203@/01 $0313810834 
208@/01 $a15-11-05 $bz 
209A/01 $a05.4368 $du $f050 $h05 4368 $x00 
209C/01 $a05.4368 K $h05 4368 K 
209G/01 $a70811626 $x00 
220C/01 $ahae/war 
247C/01 $8358050-7 Marburg, Bibliothek des Herder-Instituts Marburg $9102600961 
201U/01 $0utf8 

lok: 13381825 78

exp: 13381825 78 1 #EPN
201B/01 $023-10-19 $t11:01:19.000 
201C/01 $023-10-19 
201U/01 $0utf8 
203@/01 $01065568991 
208@/01 $a23-10-19 $be 
209A/01 $a/ $f000 $x00 
209A/01 $ab*p $x01 
220C/01 $apgar 
244Z/01 $#Pommern $#Pommern $#Herzogtum Pommern $#Herzogthum Pommern $#Provinz Pommern $#Pomorze $74046744-2 $8--Tg1--Pommern $x01 $9085130354 
247C/01 $82080>Marburg/Lahn, Herder-Institut, Forschungsbibliothek, Bibliographieportal $9336309341 

lok: 13381825 205

exp: 13381825 205 1 #EPN
201B/01 $011-09-19 $t16:51:50.000 
201C/01 $019-07-19 
201U/01 $0utf8 
203@/01 $01055833455 
208@/01 $a11-09-19 $bz 
209A/01 $a001 GF 9366 R915 $db $f000 $x00 
209C/01 $a1 2019/08861 
209C/01 $anel1909ga 
209G/01 $a56635882 $x00 
247C/01 $8351000-1 <4>Marburg, Universität Marburg, Universitätsbibliothek $9102594767
LEADER 00000cam a2200000 c 4500
001 13381825X
003 DE-603
005 20250213121344.0
007 tu
008 051103s2005 xx |||| | u00||u|ger
015 |a 06,A02,0560  |z 05,N45,0340  |2 dnb 
016 7 |2 DE-101  |a 976747731 
020 |a 3927996351 
024 3 |a 9783927996359 
035 |a (DE-599)HEB13381825X 
035 |a (OCoLC)179825437 
040 |a DE-603  |b ger  |c DE-603  |d DE-603 
041 |a ger 
082 0 4 |8 1\u  |a 900.9438160902  |q DE-101  |2 23/BSB 
083 0 |8 2\u  |a 340.09  |q DE-101  |2 23/BSB 
084 |a 340  |q DE-101  |2 sdnb 
084 |a PW 2660  |0 (DE-625)140873:  |0 (DE-603)411120662  |2 rvk 
085 |8 1\u  |b 900 
085 |8 1\u  |z 1  |s 0902 
085 |8 1\u  |z 2  |s 43816 
085 |8 2\u  |b 340.09 
085 |8 2\u  |z 1  |s 0902 
085 |8 2\u  |z 2  |s 43816 
245 0 0 |a ˜Derœ Kolberger Kodex des Lübischen Rechts von 1297  |b das Kolberger Rechtsbuch  |c [hochdt. Fassung, Transkription der mittelniederdt. Hs,, Übers. ins Hochdt., Glossar und Auswahlbibl. von Thomas Rudert] 
246 1 3 |a Codex juris Lubecensis, Kolberger Kodex 1297 
250 |a Faksimile-Druck 
264 1 |a Hamburg  |b Jancke  |c 2005 
300 |a 247 Seiten  |b Illustrationen  |e Glossar (20 Seiten) 
336 |a Text  |b txt  |2 rdacontent 
337 |a ohne Hilfsmittel zu benutzen  |b n  |2 rdamedia 
338 |a Band  |b nc  |2 rdacarrier 
490 1 |a Beiträge zur Geschichte der Stadt Kolberg und des Kreises Kolberg-Körlin  |v 32 
648 7 |a Geschichte 1297  |2 gnd 
650 7 |a Lübisches Recht  |0 (DE-588)4491803-3  |0 (DE-603)089116305  |2 gnd 
650 7 |a Handschrift  |0 (DE-588)4023287-6  |0 (DE-603)085057509  |2 gnd 
651 7 |a Kołobrzeg  |0 (DE-588)5057070-5  |0 (DE-603)044717024  |2 gnd 
655 7 |a Quelle  |2 gnd-content  |0 (DE-588)4135952-5  |0 (DE-603)085503576 
700 1 |a Rudert, Thomas  |d 1961-  |e Herausgeber  |4 edt  |0 (DE-603)342885464  |0 (DE-588)1053247753  |2 gnd 
830 0 |t Beiträge zur Geschichte der Stadt Kolberg und des Kreises Kolberg-Körlin  |v 32  |w (DE-603)011013400  |w (DE-600)20769-X  |9 232  |7 as 
924 0 |9 Mb 50  |a (DE-603)313810834  |b DE-Mb50  |c HES  |d c  |g 05.4368 
924 0 |9 2080  |a (DE-603)1065568991  |b DE-2080  |c HES  |d d  |g / 
924 0 |9 4  |a (DE-603)1055833455  |b DE-4  |c HES  |d c  |g 001 GF 9366 R915